College Quizbowl Stats
College Quizbowl Stats
Circuits
Seasons
Sets
Records
Detailed Stats
About
Loading...
2023 ARCADIA at Ohio State
Tossups
Bonuses
Players
Teams
Categories (Tossup)
Categories (Bonus)
Danel Fernandez
Ohio State A
Categories
Category
Powers
Gets
Negs
BBs
Points
Earliest Buzz
Avg. Buzz
First Buzzes
Top 3 Buzzes
History - American History
1
1
0
1
25
46
82.00
1
2
Current Events
1
0
1
0
10
49
49.00
0
1
History - European History
0
1
0
1
10
141
141.00
0
1
Other Academic
0
1
0
1
10
136
136.00
1
1
Social Science
0
0
0
0
0
0.00
0
0
Buzzes
Category
Answer
Value
Buzz Position
Current Events
automotive industry
-5
40
History - American History
California
15
46
Current Events
Disney
15
49
History - American History
Nicaragua
10
118
Other Academic
DOOM
10
136
Social Science
options
0
138
History - European History
Amsterdam
10
141
Previous
1
Next